Najvŷsša socha sv. Floriana na Makovici

Bibliographic Details
Format: Article
Language:Ukrainian
Subjects:
Online Access:www.rusyn.sk

MARC

LEADER 00000nab a2200000 a 4500
001 vtls011426502
005 20260317085406.0
008 151207c2015 xo er p 000 c0ukr
015 |a SNBRB2015/12 
040 |a SVKPOCL  |b slo  |c SVKPOCL  |e AACR2 
041 0 |a ukr 
044 |a xo  |c SK 
080 |a 80(=16)+908(4)  |2 2011 
080 |a 80(=161.25)+908(437.6)  |2 2011 
080 |a 730  |2 2011 
080 |a 656.071.2  |2 2001 
080 |a (047)  |2 2001 
080 |a 394.4  |2 2001 
245 0 0 |a Najvŷsša socha sv. Floriana na Makovici 
500 |a V rubrike Informačnŷj servis Z domova i zo svita 
648 7 |a 2015  |2 svkpocl  |9 337775 
650 0 7 |a Socha sv. Floriána (Makovica, Slovensko)  |2 svkpocl  |9 1619432 
651 7 |a Svidník (Slovensko : okres)  |2 svkpocl  |9 28651 
651 7 |a Cernina (Slovensko)  |2 snkbucl  |9 29139 
651 7 |a Makovica (Slanské vrchy, Slovensko : vrch)  |2 svkpocl  |9 59760 
655 7 |a články z novín a časopisov  |2 snkbucl  |9 267496 
773 0 |t Info Rusyn  |g Roč. XII , č. 19 (2015), s. 4 
852 |a SVKPO 
856 4 1 |u www.rusyn.sk 
958 |a RN 
958 |a SK 
958 |a SS 
999 |c 3336612  |d 3338542